Adobe Photoshop CS4 : Up to Speed /

Long established as a must-have guide for Photoshop users upgrading to the newest version, Up to Speed goes right to the heart of Photoshop CS4 what has changed, what is new, and how you can get the most out of the features as quickly as possible. Rather than sift through hundreds of pages detailing...

Full description

Bibliographic Details
Main Author: Willmore, Ben (Author)
Corporate Author: Safari, an O'Reilly Media Company
Format: eBook
Language:English
Published: Peachpit Press, 2008.
Edition:1st edition.
Subjects:
Online Access:Connect to this electronic resource

MARC

Tag First Indicator Second Indicator Subfields
LEADER 00000uam a2200000 a 4500
001 in00004145607
005 20260122221051.6
006 m o d
007 cr cn
008 100513s2008 xx o eng
020 |z 9780321617491 
020 |z 0321580052 
020 |z 9780321580054 
020 |z 0321617495 
035 |a (CaSebORM)9780321617491 
040 |d UtOrBLW 
041 0 |a eng 
100 1 |a Willmore, Ben,  |e author.  |0 http://id.loc.gov/authorities/names/n99014609 
245 1 0 |a Adobe Photoshop CS4 :  |b Up to Speed /  |c Willmore, Ben. 
250 |a 1st edition. 
264 1 |b Peachpit Press,  |c 2008. 
300 |a 1 online resource (144 pages) 
336 |a text  |b txt  |2 rdacontent 
337 |a computer  |b c  |2 rdamedia 
338 |a online resource  |b cr  |2 rdacarrier 
347 |a text file 
520 |a Long established as a must-have guide for Photoshop users upgrading to the newest version, Up to Speed goes right to the heart of Photoshop CS4 what has changed, what is new, and how you can get the most out of the features as quickly as possible. Rather than sift through hundreds of pages detailing every last Photoshop feature and function (both old and new), you can go directly to the new features that interest you the most and get the explanations you desire in the classic Ben Willmore style-- intuitive, crystal clear, and in-depth. By focusing on a single topic--what's new in this version--the award-winning author provides precisely what experienced Photoshop users have been clamoring for, in exactly the depth they demand. After reading this book even if you've been using CS4 for awhile don't be surprised to hear yourself say, I didn't know CS4 did that! In addition to learning the new features in no time flat, a welcome side effect of learning from Ben is that you can expect to become a better, faster and more efficient Photoshop user, and few things are more fun than becoming better at Photoshop! 
533 |a Electronic reproduction.  |b Boston, MA :  |c Safari,  |n Available via World Wide Web.  |d 2009. 
538 |a Mode of access: World Wide Web. 
542 |f Copyright © 2009 by Ben Willmore  |g 2009 
588 |a Online resource; Title from title page (viewed October 22, 2008) 
500 |a Electronic resource. 
655 7 |a Electronic books.  |2 local 
710 2 |a Safari, an O'Reilly Media Company. 
856 4 0 |u https://proxy.library.tamu.edu/login?url=https://go.oreilly.com/TAMU/library/view/-/9780321617491/?ar  |z Connect to this electronic resource  |t 0 
999 f f |s 333d6968-6970-3e02-baff-dc8ac854ef12  |i 3dcd6fe7-76d7-3108-b997-6a2fe6fcaaf0  |t 0 
952 f f |a Texas A&M University  |b College Station  |c Electronic Resources  |s www_evans  |d Available Online  |t 0  |h No information provided 
998 f f |t 0  |l Available Online